Normal view MARC view
  • NetLibrary, Inc

Entry Corporate Name

Number of records used in: 1

001 - CONTROL NUMBER

  • control field: 84653

003 - CONTROL NUMBER IDENTIFIER

  • control field: NUST

005 - DATE AND TIME OF LATEST TRANSACTION

  • control field: 20211119154353.0

008 - FIXED-LENGTH DATA ELEMENTS

  • fixed length control field: 211119|| aca||aabn | a|a d

040 ## - CATALOGING SOURCE

  • Original cataloging agency: NUST
  • Transcribing agency: NUST

110 ## - HEADING--CORPORATE NAME

  • Corporate name or jurisdiction name as entry element: NetLibrary, Inc

670 ## - SOURCE DATA FOUND

  • Source citation: Work cat.: (NUST)31628: McComb, Gordon. 84652, Robot builder's sourcebook /, c2003.
© 2023 Central Library, National University of Sciences and Technology. All Rights Reserved.